| 000 | 01005nam a2200217 i 4500 | ||
|---|---|---|---|
| 001 | 000900716 | ||
| 003 | AM-YeHGA | ||
| 005 | 20250617145504.0 | ||
| 008 | 020227s1982 ru r 000 0 rus d | ||
| 040 | _aAM-YeHGA | ||
| 041 | 0 | _arus | |
| 245 | 0 | 0 |
_aМемуары декабристов : _bЮжное общество / _cСобр. текстов и общ. ред. И. В. Пороха, В. А. Федорова; [Предисл. И. В. Пороха]. |
| 260 |
_aМосква : _bИзд-во МГУ, _c1982. |
||
| 300 |
_a351 с. : _bил. ; _c22 см. |
||
| 440 | 0 | _aУниверситетская библиотека | |
| 504 | _aБиблиогр. в примеч.: с. 279-337 | ||
| 653 | 0 | _aДекабристы - Воспоминания и записки | |
| 653 | 0 | _aРеволюционное движение в России - 19 в. - Воспоминания и записки | |
| 700 | 1 |
_aПорох, Игорь Васильевич _d1922-1999 _eсост. _4com |
|
| 090 | _c314612 | ||
| 999 |
_c312894 _d312894 |
||